000 00568nam a22002057a 4500
003 Ost
005 20260318044617.0
008 250901b |||||||| |||| 00| 0 eng d
020 _a9780199540952
040 _cBT-PhCST
050 _a25508-25512
082 _222
_a571.17
_bEDD
100 _aEddy,F. Brian.
245 _aEcological and environmental physiology of fishes /
260 _aUnited Kingdom :
_bOxford University Press,
_cc2012.
300 _ax, 253p. :
_bill. ;
_c24 cm.
500 _aIncludes index.
700 _aHandy, Richard D.
942 _2ddc
_cWRE
999 _c10091
_d10091